Normal view
MARC view
Entry Personal Name
001 - CONTROL NUMBER
- control field: 18794
003 - CONTROL NUMBER IDENTIFIER
- control field: HDC
005 - DATE AND TIME OF LATEST TRANSACTION
- control field: 20230624073537.0
008 - FIXED-LENGTH DATA ELEMENTS
- fixed length control field: 210307|| aca||aabn | a|a d
040 ## - CATALOGING SOURCE
- Original cataloging agency: HDC
- Transcribing agency: HDC
100 ## - HEADING--PERSONAL NAME
- Personal name: Johari Ab Latiff
670 ## - SOURCE DATA FOUND
- Source citation: Work cat.: (HDC): Johari Ab Latiff, author, ISSUES AND CHALLENGES IN IMPLEMENTATION OF HALAL MEDICAL DEVICE CERTIFICATION IN MALAYSIA /, [no year]
